| 000 | 00863nam a2200241 a 4500 | ||
|---|---|---|---|
| 001 | 000027885 | ||
| 005 | 20240305131438.0 | ||
| 008 | 110405s2001 dr ac 000 0 spa d | ||
| 020 | _a9993483478 | ||
| 040 |
_aDO-SdBNP _bspa _cBNPHU |
||
| 082 |
_a920.72 _bS211C |
||
| 100 | 1 |
_aCassá, Roberto, _d1948- _910888 |
|
| 245 | 1 | 0 |
_aMaría Trinidad Sánchez : _bla heroína de febrero / _cRoberto Cassá ; ilustraciones Ramiro Manzano. |
| 260 |
_aSanto Domingo : _bTobogan, _c2001. |
||
| 300 |
_a49 p. : _bil. ; _c21 cm. |
||
| 490 | 1 | _aBiografías dominicanas Tobogan ; | |
| 504 | _abibliografía : p. 49 | ||
| 590 | _aInventariado, 2019/ YL | ||
| 600 | 1 | 0 |
_aSánchez, María Trinidad, _d1794-1845 _946594 |
| 650 | 4 |
_aNacionalistas _zRepública Dominicana _vBIOGRAFÍAS _951676 |
|
| 700 | 1 |
_aManzano, Ramiro _eil. _9768 |
|
| 830 | 0 |
_aBiografías dominicanas Tobogan. _9769 |
|
| 999 |
_c27377 _d27377 |
||